| 000 | 00903nam a2200265 a 4500 | ||
|---|---|---|---|
| 001 | 67 | ||
| 003 | BD-RjUL | ||
| 005 | 20211208233114.0 | ||
| 008 | 150128r20132006ii 001 0 eng d | ||
| 020 | _a0195679024 | ||
| 035 | _a(BD-RjUL) | ||
| 040 |
_aBD-RjUL _beng _cBD-RjUL |
||
| 041 | _aeng | ||
| 082 |
_222 _a351.54 _bPUB 2013 |
||
| 245 | 0 | 0 |
_aPublic administration : _ba reader / _cedited by Bidyut Chakrabarty, Mohit Bhattacharya. |
| 260 |
_aDelhi ; _aOxford : _bOxford University Press, _c2006 [Impression 2013] |
||
| 300 |
_axxvii, 429 p. : _c22 cm. |
||
| 500 | _aOriginally published: Delhi ; Oxford : Oxford University Press, 2003. | ||
| 504 | _aIncludes bibliographical references. | ||
| 650 | 0 |
_aPublic administration. _zIndia _9115501 |
|
| 700 | 1 |
_aChakrabarty, Bidyut, _d1958- _9115502 |
|
| 700 | 1 |
_aBhattacharya, Mohit. _9115503 |
|
| 830 | 0 |
_aOxford India paperbacks _9115504 |
|
| 942 |
_2ddc _cBK |
||
| 999 |
_c67 _d67 |
||